000 00632nam a22002177a 4500
003 UA-OsUOA
001 59160
007 ta
008 20090312b un ||||| |||| 00| 0 ukr d
100 _aШарікова О.В.
090 _a330
_bШ25
942 _cSA
040 _aUA-OsUOA
_bukr
_cUA-OsUOA
_dUA-OsUOA
245 _aЕкономічні наслідки тінізації економічної системи
300 _aС.3-7
955 _a0
041 _aukr
080 _a330
773 0 _w59159
_tЕкономіка. Фінанси. Право.
_dК.
_d2009
_g1
650 7 _a330 Економіка взагалі
_2UDC
999 _c345248
_d345248